000 00424nam a22001817a 4500
003 MPLRDC
005 20220104143458.0
008 210129b ||||| |||| 00| 0 eng d
020 _a952-960-250-9
082 _a857.7 XMY v.260
100 _a郑媛著
245 _a冷情夫君
_c
260 _a
_b星河出版社
_c1999
300 _b
490 _a寻梦园系列;260
650 _a
942 _cBK
_o857.7 XMY v.260
999 _c40310
_d40300